000 00594nam a22002057a 4500
999 _c138069
_d138069
005 20230627162840.0
010 _aENG-117457
020 _a9789352550692
_c350.00
035 _a EN-100989
037 _bDBAD/PUB
082 _a657
100 _aMukherjee,S
245 _aISC Commerce :
_cby S.Mukherjee,D,Dutta [and] C.D.Gupta
_bClass XI /
260 _aKolkata
_bNew Central Book Agency
_c2017
270 _a8/1 Chintamoni Das Lane
_bKolkata
_e700009
300 _axvi,472p.
_c24cm (pbk)
700 _aDatta.D.
700 _aGupta C. D.
942 _2ddc
_cEN
_h657
_mMUK